000 00350nam a22001577a 4500
005 20160629140443.0
008 160629b xxu||||| |||| 00| 0 eng d
020 _a81-8131-098-5
041 _aeng
082 _b10845
245 _aReady Reference Encyclopedia
260 _bImpulse
300 _a276
650 _aEncyclopedia
_91750
942 _cBK
999 _c4706
_d4704